Консервы. Методы микробиологического анализа: Сборник; ГОСТ 10444.1-84 (СТ СЭВ 3833-82) Консервы. Приготовление растворов реактивов, красок, индикаторов и питательных сред, применяемых в микробиологическом анализе; ГОСТ 10444.2-84 Продукты пищевые. Методы выявления и определения количества Staphylococcus aureus; ГОСТ 30425-97 Консервы. Метод определения промышленной стерильности; ГОСТ 10444.7-86 Продукты пищевые. Методы выявления ботулинических токсинов и Clostridium botulinum; ГОСТ 10444.8-88 Продукты пищевые. Методы определения Bacillus cereus; ГОСТ 10444.9-88 Продукты пищевые. Методы определения Clostridium perfringens; ГОСТ 10444.11-89 Продукты пищевые. Методы определения молочнокислых микроорганизмов; ГОСТ 10444.12-88 Продукты пищевые. Метод определения дрожжей и плесневых грибов; ГОСТ 10444.14-91 Консервы. Метод определения содержания плесеней по Говарду; ГОСТ 10444.15-94 Продукты пищевые. Метод определения количества мезофильных аэробных и факультативно-анаэробных микроорганизмов

ग्रंथसूची विवरण
निगमित लेखक: Российская Федерация Государственный комитет по стандартизации, метрологии и сертификации (Госстандарт России)
भाषा:रूसी
प्रकाशित: Москва, Изд-во стандартов, 1998
TOC:ГОСТ 10444.1-84 (СТ СЭВ 3833-82) Консервы. Приготовление растворов реактивов, красок, индикаторов и питательных сред, применяемых в микробиологическом анализе;
ГОСТ 10444.2-84 Продукты пищевые. Методы выявления и определения количества Staphylococcus aureus;
ГОСТ 30425-97 Консервы. Метод определения промышленной стерильности;
ГОСТ 10444.7-86 Продукты пищевые. Методы выявления ботулинических токсинов и Clostridium botulinum;
ГОСТ 10444.8-88 Продукты пищевые. Методы определения Bacillus cereus;
ГОСТ 10444.9-88 Продукты пищевые. Методы определения Clostridium perfringens;
ГОСТ 10444.11-89 Продукты пищевые. Методы определения молочнокислых микроорганизмов;
ГОСТ 10444.12-88 Продукты пищевые. Метод определения дрожжей и плесневых грибов;
ГОСТ 10444.14-91 Консервы. Метод определения содержания плесеней по Говарду;
ГОСТ 10444.15-94 Продукты пищевые. Метод определения количества мезофильных аэробных и факультативно-анаэробных микроорганизмов;
श्रृंखला:Государственные стандарты
विषय:
स्वरूप: पुस्तक
KOHA link:https://koha.lib.tpu.ru/cgi-bin/koha/opac-detail.pl?biblionumber=149185

MARC

LEADER 00000nam0a2200000 4500
001 149185
005 20231031145748.0
035 |a (RuTPU)RU\TPU\book\161726 
035 |a RU\TPU\book\161709 
090 |a 149185 
100 |a 20081212d1998 km y0rusy50 ca 
101 0 |a rus 
102 |a RU 
105 |a y l 000zy 
200 1 |a Консервы. Методы микробиологического анализа  |e Сборник 
210 |a Москва  |c Изд-во стандартов  |d 1998 
215 |a 111 с. 
225 1 |a Государственные стандарты 
464 |t ГОСТ 10444.1-84 (СТ СЭВ 3833-82) Консервы. Приготовление растворов реактивов, красок, индикаторов и питательных сред, применяемых в микробиологическом анализе 
464 |t ГОСТ 10444.2-84 Продукты пищевые. Методы выявления и определения количества Staphylococcus aureus 
464 |t ГОСТ 30425-97 Консервы. Метод определения промышленной стерильности 
464 |t ГОСТ 10444.7-86 Продукты пищевые. Методы выявления ботулинических токсинов и Clostridium botulinum 
464 |t ГОСТ 10444.8-88 Продукты пищевые. Методы определения Bacillus cereus 
464 |t ГОСТ 10444.9-88 Продукты пищевые. Методы определения Clostridium perfringens 
464 |t ГОСТ 10444.11-89 Продукты пищевые. Методы определения молочнокислых микроорганизмов 
464 |t ГОСТ 10444.12-88 Продукты пищевые. Метод определения дрожжей и плесневых грибов 
464 |t ГОСТ 10444.14-91 Консервы. Метод определения содержания плесеней по Говарду 
464 |t ГОСТ 10444.15-94 Продукты пищевые. Метод определения количества мезофильных аэробных и факультативно-анаэробных микроорганизмов 
610 1 |a ГОСТы 
610 1 |a консервы 
610 1 |a пищевые продукты 
610 1 |a продукты 
610 1 |a приготовление 
610 1 |a реактивы 
610 1 |a краски 
610 1 |a индикаторы 
610 1 |a питательные среды 
610 1 |a токсины 
610 1 |a микроорганизмы 
610 1 |a дрожжи 
610 1 |a грибы 
610 1 |a консервы 
712 0 1 |a Российская Федерация  |b Государственный комитет по стандартизации, метрологии и сертификации (Госстандарт России)  |c (1996-1999)  |2 stltpush  |3 (RuTPU)RU\TPU\col\12457 
801 1 |a RU  |b 63413507  |c 20021204  |g PSBO 
801 2 |a RU  |b 63413507  |c 20221207  |g PSBO 
942 |c BK